| 000 | 01293nam a2200241Ia 4500 | ||
|---|---|---|---|
| 003 | Ost | ||
| 005 | 20260507075243.0 | ||
| 008 | 260507s9999||||xx |||||||||||||| ||und|| | ||
| 020 | _a53682499579 | ||
| 040 | _cfsecg | ||
| 041 | _aara | ||
| 082 | _a330 | ||
| 100 |
_aعليان، ربحي مصطفى _eمؤلف |
||
| 245 | 0 |
_aطرق جمع البيانات و المعلومات لأغراض البحث العلمي / _c ربحي مصطفى عليان |
|
| 260 |
_aعمان: _bدار صفاء, _c2009 |
||
| 300 |
_a264 صفحة؛ _bإيضاحات ؛ _c24 سم |
||
| 504 | _aمراجع ص.251 ؛ ملاحق ص.248(اقتناءات 2014 2ن) | ||
| 520 | _aماهية البيانات و المعلومات ، البحث العلمي ، الملاحظة ، المقابلة ، الاستبانة ، مصادر المعلومات ، المكتبات و مراكز المعلومات و دورها في عملية جمع المعلومات ، شبكات المعلومات ، الأنترنيت و المكتبات الالكترونية و دورها في عملية جمع البيانات و المعلومات ، العينات . | ||
| 653 | _aالبحث العلمي | ||
| 653 | _aتقنيات البحث العلمي | ||
| 653 | _aشبكات المعلومات | ||
| 942 | _cكتاب | ||
| 999 |
_c43636 _d43636 |
||